La preghiera liturgica in Don Alberione (Record n. 104205)

Dettagli MARC
000 -LEADER
fixed length control field 00755nam a22001577a 4500
003 - CONTROL NUMBER IDENTIFIER
control field IT-RoPau
005 - DATE AND TIME OF LATEST TRANSACTION
control field 20220918181218.0
008 - FIXED-LENGTH DATA ELEMENTS--GENERAL INFORMATION
fixed length control field 131207b xxu||||| |||| 00| 0 eng d
040 ## - CATALOGING SOURCE
Transcribing agency IT-RoPau
245 ## - TITLE STATEMENT
Title La preghiera liturgica in Don Alberione
250 ## - EDITION STATEMENT
Edition statement I
260 ## - PUBLICATION, DISTRIBUTION, ETC. (IMPRINT)
Place of publication, distribution, etc. Roma
Name of publisher, distributor, etc. IMSA
Date of publication, distribution, etc. S.a.
300 ## - PHYSICAL DESCRIPTION
Extent 40 pp.
Dimensions 21 cm
520 ## - SUMMARY, ETC.
Summary, etc. Indice<br/><br/>Introduzione<br/>Don Alberione: uomo di preghiera<br/>Gloria a Dio - Pace agli uomini<br/>Con la Chiesa<br/>La Liturgia<br/>Per Cristo - Con Cristo - In Cristo<br/>Dimensione escatologica della Liturgia<br/>L'Eucarestia<br/>La Scuola dell'Eucarestia<br/>L'Eucarestia scuola di virtù<br/>Eucarestia e Apostolato<br/>La Santa Messa<br/>Partecipi della Vita divina<br/>Liturgia e Bibbia<br/>Adorazione quotidiana<br/>Lode senza fine<br/>Conclusione<br/>
942 ## - ADDED ENTRY ELEMENTS (KOHA)
Source of classification or shelving scheme Dewey Decimal Classification
Koha item type LIBRO
Dati di copia
Withdrawn status Lost status Source of classification or shelving scheme Damaged status Not for loan Home library Current library Date acquired Total Checkouts Full call number Date last seen Price effective from Koha item type
    Dewey Decimal Classification Buone Condizioni Not For Loan PAULUS-BIBLIOTECA PAULUS-BIBLIOTECA 07/12/2013   P B2 07/12/2013 07/12/2013 LIBRO
CREDITS: SOCIETA' SAN PAOLO Via A.Severo, 58 - ROMA (RM) & PERIODICI SAN PAOLO SRL Via Giotto, 36 MILANO & CISF Via Giotto, 36 MILANO & EDIZIONI SAN PAOLO SRL,  Piazza Soncino, 5 CINISELLO BALSAMO (MI) -- ITALY